Un año de reformas electorales inconsultas

محفوظ في:
التفاصيل البيبلوغرافية
التنسيق: نص
الموضوعات:
الوسوم: إضافة وسم
لا توجد وسوم, كن أول من يضع وسما على هذه التسجيلة!

MARC

LEADER 00000 a a2200000 04500
001 6902
003
040
245 |a Un año de reformas electorales inconsultas  
650 |a POLITICA  
650 |a PARTIDOS POLITICOS  
650 |a ELECCIONES  
650 |a EL SALVADOR  
773 |g volumen 28, número 1270; páginas 4-6  
999 |c 39855  |d 39855